| 000 | 01089nam a2200193 a 4500 | ||
|---|---|---|---|
| 001 | 000001598 | ||
| 005 | 20260429135247.0 | ||
| 008 | 721212s1922 xxca 001 u eng | ||
| 040 |
_aDO-SdBNP _bspa _cBNPHU |
||
| 082 |
_a820.9 _bV217c |
||
| 100 | 1 |
_aVan Dyke, Henry, _d1852-1933. _95240 |
|
| 245 | 1 | 0 |
_aCompanionable books / _cHenry Van Dyke. |
| 260 |
_aToronto, Canada : _bThe Copp Clark Co., _c1922. |
||
| 300 |
_aix, 391 p. : _bil. ; _c20 cm. |
||
| 505 | 0 | _aEl libro de los libros -- Poesía en los Salmos -- El encanto de una buena Dickens -- Thackeray y los hombres de verdad -- George Eliot y mujeres reales - El poeta de la juventud inmortal (Keats)-- La recuperación de la alegría (Wordsworth) -- "La gloria de lo imperfecto" (Browning) - Un compañero pintorescas por corrientes tranquilas (Walton) -- Un creyente fuerte (Samuel Johnson) -- Un puritano, más poesía (Emerson) -- Un aventurero en una chaqueta de terciopelo (Stevenson ) buscar | |
| 650 | 0 |
_aLiteratura _xHistoria y crítica _9835 |
|
| 650 | 0 |
_aLiteratura inglesa _xHistoria y crítica _y1852-1933 _95241 |
|
| 910 | _aC | ||
| 999 |
_c1493 _d1493 |
||